000
00162nam a22000857a 4500
082
_a
823
100
_a
UNKNOWN
245
_a
ALI BABA AND THE FORY THIEVES
942
_c
BK
999
_c
8353
_d
8353